000 00610cam a22002173a 4500
001 44794
003 PGUSA
005 20140828084025.0
008 140130s2014||||xxu|||||s|||||000 | eng d
040 _aPGUSA
_beng
042 _adc
100 1 _aMitton, G. E.
_q(Geraldine Edith)
245 1 4 _aThe Thames
_h[electronic resource] /
_cG. E. Mitton
260 _bProject Gutenberg,
_c2014
506 _aPublic domain in the USA.
516 _aElectronic text
700 1 _aMenpes, Mortimer,
_d1855-1938
830 0 _aProject Gutenberg
_v44794
856 4 0 _uhttp://www.gutenberg.org/ebooks/44794
942 _cEB
999 _c274045
_d274045